How to prepare for sat ii : (Record no. 342871)

000 -LEADER
fixed length control field 01494 a2200337 4500
020 ## - INTERNATIONAL STANDARD BOOK NUMBER
International Standard Book Number 0812017048
020 ## - INTERNATIONAL STANDARD BOOK NUMBER
International Standard Book Number 9780812017045
082 04 - DEWEY DECIMAL CLASSIFICATION NUMBER
Classification number 510.76
090 ## - LOCALLY ASSIGNED LC-TYPE CALL NUMBER (OCLC); LOCAL CALL NUMBER (RLIN)
-- 302
-- 302
100 1# - MAIN ENTRY--PERSONAL NAME
Personal name Dodge, Howard P.
245 10 - TITLE STATEMENT
Title How to prepare for sat ii :
Remainder of title mathematics level iic /
Statement of responsibility, etc. Howard P. Dodge.
250 ## - EDITION STATEMENT
Edition statement 5th ed.
260 ## - PUBLICATION, DISTRIBUTION, ETC.
Place of publication, distribution, etc. [S.l.] :
Name of publisher, distributor, etc. Barrons Educational Series Inc,
Date of publication, distribution, etc. 1994.
300 ## - PHYSICAL DESCRIPTION
Extent 242 p. ;
Dimensions 28 cm.
500 ## - GENERAL NOTE
General note Paperback.
520 ## - SUMMARY, ETC.
Summary, etc. A preparation manual for the SAT II in Math IIC features nine model tests, including calculator-active problems, as well as fully explained questions on polynomial and trigonometric functions, permutations, probability, sequences, and logic. Original.
650 #4 - SUBJECT ADDED ENTRY--TOPICAL TERM
Topical term or geographic name entry element Educational: Mathematics & numeracy.
650 #4 - SUBJECT ADDED ENTRY--TOPICAL TERM
Topical term or geographic name entry element Educational: study & revision guides.
650 #4 - SUBJECT ADDED ENTRY--TOPICAL TERM
Topical term or geographic name entry element Study Guides.
650 #4 - SUBJECT ADDED ENTRY--TOPICAL TERM
Topical term or geographic name entry element SAT & PSAT.
650 #4 - SUBJECT ADDED ENTRY--TOPICAL TERM
Topical term or geographic name entry element Study Aids / SAT & PSAT (Scholastic Assessment Test & Preliminary Scholastic Assessment Test)
650 #4 - SUBJECT ADDED ENTRY--TOPICAL TERM
Topical term or geographic name entry element Study guides, home study & revision notes.
650 #4 - SUBJECT ADDED ENTRY--TOPICAL TERM
Topical term or geographic name entry element College entrance achievement tests.
650 #4 - SUBJECT ADDED ENTRY--TOPICAL TERM
Topical term or geographic name entry element Examinations, questions, etc.
650 #4 - SUBJECT ADDED ENTRY--TOPICAL TERM
Topical term or geographic name entry element Mathematics.
650 #4 - SUBJECT ADDED ENTRY--TOPICAL TERM
Topical term or geographic name entry element United States.
650 #4 - SUBJECT ADDED ENTRY--TOPICAL TERM
Topical term or geographic name entry element School Textbooks & Study Guides: Maths, Science & Technical.
856 40 - ELECTRONIC LOCATION AND ACCESS
Materials specified Amazon.com
Uniform Resource Identifier <a href="http://www.amazon.com/exec/obidos/ASIN/0812017048/chopaconline-20">http://www.amazon.com/exec/obidos/ASIN/0812017048/chopaconline-20</a>
856 40 - ELECTRONIC LOCATION AND ACCESS
Materials specified Amazon customer reviews
Uniform Resource Identifier <a href="http://www.chopac.org/cgi-bin/tools/azrev.pl?q=0812017048">http://www.chopac.org/cgi-bin/tools/azrev.pl?q=0812017048</a>
942 ## - ADDED ENTRY ELEMENTS (KOHA)
Institution code [OBSOLETE] NBS
Koha item type Book
Call number prefix 510.284
Holdings
Withdrawn status Lost status Damaged status Not for loan Permanent Location Current Location Date acquired Total Checkouts Full call number Barcode Date last seen Date last checked out Price effective from Koha item type
        Central Library (CL) Central Library (CL) 08/28/2013 1 510.284 NBS748 08/31/2017 08/24/2017 08/28/2013 Book
© 2023 Central Library, National University of Sciences and Technology. All Rights Reserved.